| 000 | 00563cam a22001571 4500 | ||
|---|---|---|---|
| 040 | _cOAU | ||
| 082 | _a582 ZIM 1964 C285 Or. | ||
| 100 | 1 | _aZimmermann, Martin Huldrych, | |
| 245 | 1 | 4 |
_aThe formation of wood in forest trees; _bthe second symposium held under the auspices of the Maria Moors Cabot Foundation for Botanical Research, Harvard Forest, April, 1963. |
| 260 |
_aNew York, _bAcademic Press, _c1964. |
||
| 300 |
_axv, 562 p. _billus., diagrs., tables. _c24 cm. |
||
| 650 | 0 | _aCambium | |
| 650 | 0 | _aTrees | |
| 710 | 2 | _aHarvard University. | |
| 942 | _cAEDBB | ||
| 999 |
_c22446 _d22446 |
||